[Event "Essex league"]
[Site "?"]
[Date "1973.03.22"]
[Round "?"]
[White "Stebbings, A."]
[Black "White, C."]
[Result "1/2-1/2"]
[WhiteElo "2136"]
[BlackElo "1840"]
[PlyCount "39"]
[EventDate "1973.??.??"]

1. e4 e5 2. Nf3 Nf6 3. Nc3 Nc6 4. d4 exd4 5. Nd5 Nxe4 6. Qe2 f5 7. Ng5 d3 8.
cxd3 Nd4 9. Qh5+ g6 10. Qh4 c6 11. dxe4 cxd5 12. exd5 Bg7 13. Kd1 h6 14. Nf3
Nxf3 15. Qxd8+ Kxd8 16. gxf3 Ke7 17. Rg1 Kf7 18. Kc2 d6 19. f4 Bd7 20. Kb3
1/2-1/2

[Event "County match"]
[Site "?"]
[Date "1973.03.24"]
[Round "?"]
[White "Richards, W."]
[Black "Stebbings, A."]
[Result "0-1"]
[WhiteElo "2048"]
[BlackElo "2136"]
[PlyCount "48"]
[EventDate "1973.??.??"]

1. d4 Nf6 2. c4 g6 3. Nc3 d5 4. Qb3 dxc4 5. Qxc4 Be6 6. Qd3 c5 7. dxc5 Qc7 8.
Be3 Na6 9. Nf3 Rd8 10. Qb5+ Bd7 11. Qc4 Bg7 12. g3 O-O 13. Bg2 Be6 14. Qa4 Ng4
15. Bd4 Nxc5 16. Qxa7 Bxd4 17. Nxd4 Ra8 18. Nxe6 fxe6 19. Nb5 Qe5 20. Qb6 Rxf2
21. O-O-O Qxe2 22. Nd4 Qc4+ 23. Kb1 Qxa2+ 24. Kc1 Qa1# 0-1

[Event "Essex league"]
[Site "?"]
[Date "1973.03.30"]
[Round "?"]
[White "Stebbings, A."]
[Black "Smith, IB."]
[Result "1-0"]
[WhiteElo "2136"]
[BlackElo "2088"]
[PlyCount "60"]
[EventDate "1973.??.??"]

1. e4 c5 2. Nf3 d6 3. d4 cxd4 4. Nxd4 Nf6 5. Nc3 a6 6. Be3 e5 7. Nb3 Be7 8. f3
Be6 9. Qd2 Nc6 10. O-O-O Rc8 11. g4 Na5 12. g5 Nxb3+ 13. cxb3 Nd7 14. Kb1 Qa5
15. h4 Nc5 16. Nd5 Qxd2 17. Rxd2 Nd7 18. b4 f5 19. b5 axb5 20. Bxb5 fxe4 21.
fxe4 Bxd5 22. Rxd5 Kd8 23. Rhd1 Rc7 24. Bxd7 Rxd7 25. Bb6+ Ke8 26. Bc5 Rf8 27.
Bxd6 Bxd6 28. Rxd6 Rxd6 29. Rxd6 Rf1+ 30. Kc2 Rh1 1-0

[Event "London league"]
[Site "?"]
[Date "1973.04.06"]
[Round "?"]
[White "Stebbings, A."]
[Black "Flain, S."]
[Result "1-0"]
[WhiteElo "2136"]
[BlackElo "1752"]
[PlyCount "35"]
[EventDate "1973.??.??"]

1. e4 e5 2. Nf3 Nc6 3. Bc4 Nf6 4. Ng5 d5 5. exd5 Nxd5 6. d4 h6 7. Nxf7 Kxf7 8.
Qf3+ Ke8 9. Bxd5 Qf6 10. Bxc6+ bxc6 11. Qh5+ g6 12. Qxe5+ Qxe5+ 13. dxe5 Ba6
14. Be3 Rd8 15. Nd2 Bg7 16. f4 Rf8 17. O-O-O Bc4 18. Nxc4 1-0

[Event "County match"]
[Site "?"]
[Date "1973.04.07"]
[Round "?"]
[White "Pugh, P."]
[Black "Stebbings, A."]
[Result "0-1"]
[WhiteElo "1872"]
[BlackElo "2136"]
[PlyCount "98"]
[EventDate "1973.??.??"]

1. c4 Nf6 2. Nc3 d5 3. cxd5 Nxd5 4. e4 Nxc3 5. bxc3 g6 6. d4 Bg7 7. Nf3 O-O 8.
Bc4 c5 9. Be3 Nc6 10. O-O cxd4 11. Nxd4 Na5 12. Bb5 Qc7 13. Rc1 Nc4 14. Bxc4
Qxc4 15. Qb3 Qd3 16. Qc2 Qa6 17. c4 Bd7 18. Nb5 Bxb5 19. cxb5 Qxb5 20. Qc7 b6
21. Qxe7 Qa4 22. e5 Rfe8 23. Qc7 Bxe5 24. Qc4 Qxc4 25. Rxc4 Rac8 26. Rfc1 Rxc4
27. Rxc4 Kf8 28. Ra4 Re7 29. Rc4 Rc7 30. Rxc7 Bxc7 31. a4 Ke7 32. Kf1 Kd6 33.
Ke2 Kd5 34. Kd3 Bd6 35. Bg5 Kc5 36. Kc3 Be5+ 37. Kb3 Kd4 38. Be3+ Kd3 39. Kb4
Bxh2 40. g3 Bxg3 41. Bxb6 axb6 42. fxg3 h5 43. Kb5 g5 44. Kxb6 h4 45. gxh4 gxh4
46. a5 h3 47. a6 h2 48. Kc7 h1=Q 49. Kb8 f5 0-1

[Event "Essex league"]
[Site "?"]
[Date "1973.04.12"]
[Round "?"]
[White "Newman, S."]
[Black "Stebbings, A."]
[Result "0-1"]
[WhiteElo "2008"]
[BlackElo "2136"]
[PlyCount "60"]
[EventDate "1973.??.??"]

1. e4 c5 2. Nf3 e6 3. d4 cxd4 4. Nxd4 a6 5. Bd3 Nc6 6. Nxc6 dxc6 7. Be3 e5 8.
Nd2 Nf6 9. Nc4 Nd7 10. O-O b5 11. Nd2 Bc5 12. Qe2 Qb6 13. Bxc5 Nxc5 14. Qe3 Qa7
15. Qg3 f6 16. Be2 O-O 17. Kh1 Ne6 18. c3 Nf4 19. Bd1 Rd8 20. Bb3+ Be6 21.
Bxe6+ Nxe6 22. Rfd1 Nc5 23. Kg1 Rd3 24. Qg4 Rad8 25. b4 Rxd2 26. bxc5 Qxc5 27.
Kh1 Qxf2 28. h4 Rxd1+ 29. Rxd1 Rxd1+ 30. Qxd1 Qxh4+ 0-1

[Event "Tournament: Southend SCCU ch."]
[Site "?"]
[Date "1973.04.20"]
[Round "?"]
[White "Stebbings, A."]
[Black "Hanreck, A."]
[Result "1-0"]
[WhiteElo "2136"]
[BlackElo "2048"]
[PlyCount "55"]
[EventDate "1973.??.??"]

1. e4 c5 2. Nf3 Nf6 3. e5 Nd5 4. Nc3 e6 5. Nxd5 exd5 6. d4 Nc6 7. dxc5 Bxc5 8.
Qxd5 Qb6 9. Bc4 Bxf2+ 10. Ke2 O-O 11. Rd1 d6 12. exd6 Be6 13. Qb5 Bxc4+ 14.
Qxc4 Rfe8+ 15. Kf1 Re6 16. Bf4 Rd8 17. Qb3 Qxb3 18. axb3 Bc5 19. d7 Re7 20. Rd5
Bb6 21. Rad1 Re4 22. g3 f6 23. Nd2 Rd4 24. Nc4 Rxd5 25. Rxd5 g5 26. Bd2 Bc7 27.
Bc3 Kg7 28. Rxg5+ 1-0

[Event "Tournament: Southend SCCU ch."]
[Site "?"]
[Date "1973.04.21"]
[Round "?"]
[White "Stebbings, A."]
[Black "Perkins, A."]
[Result "1-0"]
[WhiteElo "2136"]
[BlackElo "2320"]
[PlyCount "71"]
[EventDate "1973.??.??"]

1. e4 g6 2. d4 Bg7 3. f4 c5 4. d5 d6 5. c4 e5 6. fxe5 Qh4+ 7. Kd2 Qxe4 8. exd6
Bg4 9. Nf3 Qf4+ 10. Kc2 Bf5+ 11. Kb3 Qxd6 12. Bd3 Bd7 13. Nc3 Ne7 14. Be3 Nf5
15. Bf2 O-O 16. a3 Na6 17. Ka2 Rfe8 18. Re1 Rxe1 19. Qxe1 Qb6 20. Ne5 Qa5 21.
Nb5 Nb4+ 22. Kb1 Bxe5 23. axb4 Qxb4 24. Qxe5 Qd2 25. Qe2 Qh6 26. Rxa7 Re8 27.
Qc2 Qxh2 28. Bxc5 Qh1+ 29. Ka2 Re1 30. Rxb7 Ra1+ 31. Kb3 Bxb5 32. Rxb5 Rc1 33.
Qe2 Re1 34. Qf2 Ng7 35. Rb8+ Ne8 36. d6 1-0

[Event "Tournament: Southend SCCU ch."]
[Site "?"]
[Date "1973.04.21"]
[Round "?"]
[White "Burnett, L."]
[Black "Stebbings, A."]
[Result "1/2-1/2"]
[WhiteElo "2184"]
[BlackElo "2136"]
[PlyCount "71"]
[EventDate "1973.??.??"]

1. c4 Nf6 2. g3 e6 3. Bg2 d5 4. b3 Bd6 5. Nf3 O-O 6. O-O Nbd7 7. Bb2 c6 8. d4
b5 9. Nbd2 a5 10. a4 bxc4 11. bxc4 Ba6 12. Qc2 Qc7 13. Rfc1 Rfc8 14. e4 dxe4
15. Nxe4 Nxe4 16. Qxe4 Rab8 17. Qe2 c5 18. Bf1 Nb6 19. Nd2 Nxa4 20. Rxa4 Rxb2
21. Rca1 cxd4 22. Rxa5 Bb7 23. R5a2 Qc6 24. f3 Rxa2 25. Rxa2 Ba6 26. Qe4 Bb4
27. Bd3 Bxd2 28. Qxh7+ Kf8 29. Rxd2 Qxf3 30. Rf2 Qe3 31. Qh8+ Ke7 32. Qxg7 Rf8
33. Qh7 Qc1+ 34. Rf1 Qe3+ 35. Rf2 Qe1+ 36. Rf1 1/2-1/2

[Event "Tournament: Southend SCCU ch."]
[Site "?"]
[Date "1973.04.22"]
[Round "?"]
[White "Stebbings, A."]
[Black "Argyris, N."]
[Result "0-1"]
[WhiteElo "2136"]
[BlackElo "2144"]
[PlyCount "70"]
[EventDate "1973.??.??"]

1. e4 e5 2. Nf3 Nc6 3. Bc4 Nf6 4. Ng5 d5 5. exd5 Na5 6. Bb5+ c6 7. dxc6 bxc6 8.
Be2 h6 9. Nf3 Bd6 10. d4 exd4 11. Nxd4 O-O 12. O-O Qc7 13. Nf3 c5 14. c4 Bb7
15. h3 Rad8 16. Qc2 Nc6 17. Nc3 Nd4 18. Nxd4 cxd4 19. Nb5 Bh2+ 20. Kh1 Qb8 21.
Nxa7 Bd6 22. Nb5 Qa8 23. f3 Nh5 24. Nxd6 Rxd6 25. Rd1 Re8 26. Kg1 Ng3 27. Bf1
Nxf1 28. Rxf1 d3 29. Qc3 Re2 30. Bd2 Rg6 31. Rf2 Bxf3 32. Rxe2 Bxe2 33. g4 Bxg4
34. hxg4 Rxg4+ 35. Kf2 Qg2+ 0-1

[Event "Tournament: Southend SCCU ch."]
[Site "?"]
[Date "1973.04.22"]
[Round "?"]
[White "Parr, F."]
[Black "Stebbings, A."]
[Result "0-1"]
[WhiteElo "2288"]
[BlackElo "2136"]
[PlyCount "72"]
[EventDate "1973.??.??"]

1. Nf3 d5 2. d4 c6 3. e3 Bg4 4. h3 Bh5 5. c4 e6 6. Nbd2 Nd7 7. g4 Bg6 8. b3 Bd6
9. Bb2 h5 10. g5 h4 11. Rg1 Ne7 12. Qe2 Bf5 13. e4 dxe4 14. Nxe4 Bf4 15. Bc3
Qc7 16. Bg2 O-O-O 17. Bd2 Ng6 18. c5 Kb8 19. b4 Rhe8 20. Kf1 Re7 21. Nc3 Bxd2
22. Qxd2 Nf4 23. Nxh4 Bxh3 24. Bxh3 Nxh3 25. Rg3 Nf4 26. Ng2 Nd5 27. Nxd5 exd5
28. Rb1 Rh8 29. Kg1 f6 30. Nf4 Rhe8 31. b5 fxg5 32. Rxg5 Nf6 33. f3 Re3 34. Rf5
cxb5 35. Kg2 g5 36. Rxf6 gxf4 0-1

[Event "Tournament: Southend SCCU ch."]
[Site "?"]
[Date "1973.04.23"]
[Round "?"]
[White "Bennett, G."]
[Black "Stebbings, A."]
[Result "1/2-1/2"]
[WhiteElo "2232"]
[BlackElo "2136"]
[PlyCount "29"]
[EventDate "1973.??.??"]

1. c4 Nf6 2. Nc3 d5 3. cxd5 Nxd5 4. Nf3 g6 5. g3 Bg7 6. Bg2 Nxc3 7. bxc3 O-O 8.
O-O c5 9. d4 Nc6 10. Bb2 Qc7 11. Qc2 Rd8 12. Rfd1 b6 13. dxc5 Rxd1+ 14. Rxd1
bxc5 15. Qd2 1/2-1/2

[Event "Essex league"]
[Site "?"]
[Date "1973.04.26"]
[Round "?"]
[White "Hunnable, I."]
[Black "Stebbings, A."]
[Result "0-1"]
[WhiteElo "1968"]
[BlackElo "2136"]
[PlyCount "62"]
[EventDate "1973.??.??"]

1. c4 Nf6 2. Nc3 d5 3. d4 g6 4. Bf4 Bg7 5. Nf3 O-O 6. e3 c6 7. Bd3 Qa5 8. O-O
Bg4 9. h3 Bxf3 10. Qxf3 dxc4 11. Bxc4 Nbd7 12. a3 Rfe8 13. b4 Qb6 14. Be5 e6
15. Na4 Qd8 16. Nc5 Nxe5 17. dxe5 Nd7 18. Rad1 Nxe5 19. Qe4 Qc7 20. Be2 Rad8
21. Qh4 Rd5 22. f4 Nd7 23. Ne4 Qb6 24. Rf3 Rxd1+ 25. Bxd1 Qa6 26. Nd6 Bf6 27.
Qe1 Rd8 28. e4 Be7 29. Be2 Qb6+ 30. Kh1 Bxd6 31. e5 Be7 0-1

[Event "Essex league"]
[Site "?"]
[Date "1973.05.02"]
[Round "?"]
[White "Pope, A."]
[Black "Stebbings, A."]
[Result "1/2-1/2"]
[WhiteElo "2192"]
[BlackElo "2184"]
[PlyCount "50"]
[EventDate "1973.??.??"]

1. e4 c5 2. Nf3 e6 3. d4 cxd4 4. Nxd4 a6 5. Nc3 Nc6 6. Be3 Qc7 7. Bd3 Nf6 8.
O-O Ne5 9. h3 Bc5 10. Qe2 d6 11. f4 Ng6 12. Nb3 Bxe3+ 13. Qxe3 b5 14. Rad1 O-O
15. a3 Bb7 16. Be2 Rfd8 17. Rd2 e5 18. f5 Nf4 19. Bf3 d5 20. exd5 N6xd5 21.
Nxd5 Bxd5 22. Bxd5 Nxd5 23. Qc5 Qxc5+ 24. Nxc5 Ne3 25. Rxd8+ Rxd8 1/2-1/2

[Event "County match"]
[Site "?"]
[Date "1973.05.06"]
[Round "?"]
[White "Carlin, G."]
[Black "Stebbings, A."]
[Result "0-1"]
[WhiteElo "1960"]
[BlackElo "2184"]
[PlyCount "72"]
[EventDate "1973.??.??"]

1. d4 Nf6 2. c4 g6 3. Nc3 d5 4. cxd5 Nxd5 5. e4 Nxc3 6. bxc3 Bg7 7. Bc4 c5 8.
Ne2 O-O 9. O-O Nc6 10. Be3 Qc7 11. Rc1 Rd8 12. Qe1 e6 13. f4 Na5 14. Bd3 f5 15.
g4 fxg4 16. f5 exf5 17. exf5 gxf5 18. Bxf5 Nc4 19. Bf4 Qe7 20. Bd3 Ne3 21. Rf2
Bf5 22. Qd2 Bxd3 23. Qxd3 Nd5 24. Qc4 Kh8 25. dxc5 Rac8 26. Bd2 Rxc5 27. Qxg4
Ne3 28. Bxe3 Qxe3 29. Qf3 Qxf3 30. Rxf3 Rd2 31. Re1 Re5 32. Kf1 Rxa2 33. Rd3
Bf6 34. Rd6 Bh4 35. Ng3 Rxe1+ 36. Kxe1 Rxh2 0-1

[Event "Tournament: Ilford Open"]
[Site "?"]
[Date "1973.05.25"]
[Round "?"]
[White "Spurgeon, T."]
[Black "Stebbings, A."]
[Result "0-1"]
[WhiteElo "1872"]
[BlackElo "2184"]
[PlyCount "80"]
[EventDate "1973.??.??"]

1. e4 c5 2. Nf3 e6 3. d4 cxd4 4. c3 dxc3 5. Nxc3 d6 6. Bc4 Nc6 7. O-O Nge7 8.
Bf4 Ng6 9. Be3 Be7 10. Qe2 O-O 11. Rad1 a6 12. Nd4 Nge5 13. Bb3 b5 14. Nxc6
Nxc6 15. f4 Na5 16. Bc2 Nc4 17. Bc1 Qc7 18. b3 Qc5+ 19. Kh1 Na3 20. Bxa3 Qxa3
21. e5 g6 22. Rd3 Bb7 23. Rg3 dxe5 24. fxe5 Qc5 25. b4 Qxb4 26. Qe3 Qc5 27. Qf4
Rad8 28. Re1 Rd4 29. Be4 f5 30. exf6 Bxf6 31. Qe3 Bxe4 32. Nxe4 Qd5 33. Nf2 Bh4
34. Rf3 Rxf3 35. gxf3 Bxf2 36. Qxf2 Rd2 37. Qe3 Rd3 38. Qxe6+ Qxe6 39. Rxe6
Rd1+ 40. Kg2 Rd2+ 0-1

[Event "Tournament: Ilford Open"]
[Site "?"]
[Date "1973.05.26"]
[Round "?"]
[White "Stebbings, A."]
[Black "Pruchnicki, T."]
[Result "1-0"]
[WhiteElo "2184"]
[BlackElo "1816"]
[PlyCount "59"]
[EventDate "1973.??.??"]

1. e4 e5 2. Nf3 d6 3. d4 exd4 4. Nxd4 g6 5. Nc3 Bg7 6. Be3 Nf6 7. Qd2 Ng4 8.
Bg5 f6 9. Bf4 Ne5 10. O-O-O O-O 11. Bh6 Nbc6 12. Bxg7 Kxg7 13. h4 h5 14. Be2
Nxd4 15. Qxd4 Be6 16. Nd5 Re8 17. Rhg1 a5 18. Kb1 a4 19. Nf4 Bg4 20. f3 Bc8 21.
g4 hxg4 22. fxg4 Nc6 23. Qc4 Ne5 24. Qc3 Bd7 25. g5 f5 26. Nd5 fxe4 27. Nxc7
Rf8 28. Nxa8 Be6 29. Qc7+ Qxc7 30. Nxc7 1-0

[Event "Tournament: Ilford Open"]
[Site "?"]
[Date "1973.05.26"]
[Round "?"]
[White "Pope, A."]
[Black "Stebbings, A."]
[Result "1/2-1/2"]
[WhiteElo "2192"]
[BlackElo "2184"]
[PlyCount "63"]
[EventDate "1973.??.??"]

1. e4 c5 2. Nf3 e6 3. d4 cxd4 4. Nxd4 a6 5. Nc3 Nc6 6. Be3 Qc7 7. Bd3 Nf6 8.
O-O Ne5 9. h3 Bc5 10. Na4 Ba7 11. c4 d6 12. Rc1 O-O 13. b3 Nxd3 14. Qxd3 Bd7
15. Nc3 Rfd8 16. Rfd1 Qa5 17. Nf3 Bxe3 18. Qxe3 Bc6 19. Rd2 b5 20. cxb5 axb5
21. Nd4 Rac8 22. Rdc2 Bd7 23. e5 Ne8 24. exd6 Nxd6 25. Ne4 Nxe4 26. Qxe4 g6 27.
Rxc8 Rxc8 28. Rxc8+ Bxc8 29. Qc6 Qe1+ 30. Kh2 Qe5+ 31. Kg1 Qe1+ 32. Kh2 1/2-1/2

[Event "Tournament: Ilford Open"]
[Site "?"]
[Date "1973.05.27"]
[Round "?"]
[White "Stebbings, A."]
[Black "Hawley, M."]
[Result "1/2-1/2"]
[WhiteElo "2184"]
[BlackElo "2112"]
[PlyCount "116"]
[EventDate "1973.??.??"]

1. d4 Nf6 2. c4 g6 3. Nc3 Bg7 4. e4 d6 5. f4 O-O 6. Nf3 c5 7. d5 e6 8. Be2 exd5
9. cxd5 b5 10. e5 dxe5 11. fxe5 Ng4 12. Bg5 Qb6 13. O-O c4+ 14. Kh1 Nxe5 15.
Nxe5 Bxe5 16. Be7 Bb7 17. Bxf8 Kxf8 18. d6 Nd7 19. a4 a6 20. axb5 axb5 21.
Rxa8+ Bxa8 22. Bf3 Bc6 23. Bd5 f6 24. Qf3 Bxd5 25. Qxd5 Qxd6 26. Qxd6+ Bxd6 27.
Nxb5 Be5 28. Rf2 Nc5 29. Rc2 Nd3 30. Nc3 Nxb2 31. Rxb2 Bxc3 32. Rc2 Be5 33.
Rxc4 h5 34. Kg1 Kf7 35. Kf2 g5 36. h3 Kg6 37. Kf3 Kf5 38. g4+ hxg4+ 39. hxg4+
Ke6 40. Ke4 Bf4 41. Rc6+ Kf7 42. Kf5 Be5 43. Rb6 Kg7 44. Rb7+ Kh6 45. Ra7 Bd4
46. Ra8 Kg7 47. Ke6 Bc3 48. Ra7+ Kg6 49. Rf7 Bb2 50. Rf8 Kg7 51. Rf7+ Kg6 52.
Ke7 Ba3+ 53. Ke8 Bb4 54. Rb7 Bc5 55. Kd7 Be3 56. Rc7 Bd4 57. Ke8 f5 58. Rc6+
Bf6 1/2-1/2

[Event "Tournament: Ilford Open"]
[Site "?"]
[Date "1973.05.27"]
[Round "?"]
[White "Hanreck, A."]
[Black "Stebbings, A."]
[Result "1-0"]
[WhiteElo "2088"]
[BlackElo "2184"]
[PlyCount "49"]
[EventDate "1973.??.??"]

1. e4 c5 2. Nf3 e6 3. d4 cxd4 4. Nxd4 a6 5. Be3 Nf6 6. Nd2 Nc6 7. g3 d5 8. Bg2
e5 9. Nxc6 bxc6 10. exd5 Nxd5 11. Nc4 Qc7 12. Qh5 Bd6 13. Rd1 O-O 14. Nxd6 Qxd6
15. O-O Qc7 16. Bc5 Re8 17. c4 Nf6 18. Qg5 Bb7 19. Rd2 Nd7 20. Bd6 Qb6 21. Rfd1
c5 22. Bc7 Qa7 23. Rxd7 Bxg2 24. Kxg2 h6 25. Qf5 1-0

[Event "Tournament: Ilford Open"]
[Site "?"]
[Date "1973.05.28"]
[Round "?"]
[White "Stebbings, A."]
[Black "Kuiken, J."]
[Result "1/2-1/2"]
[WhiteElo "2184"]
[BlackElo "2056"]
[PlyCount "98"]
[EventDate "1973.??.??"]

1. e4 e6 2. d4 d5 3. Nc3 Bb4 4. e5 c5 5. Qg4 Ne7 6. dxc5 Nbc6 7. Bd2 Ng6 8. Nf3
f5 9. Qg3 O-O 10. Bd3 a6 11. O-O Bxc5 12. h4 Be7 13. h5 f4 14. Qh2 Ngxe5 15.
Nxe5 Nxe5 16. Bxf4 Nxd3 17. cxd3 Bf6 18. Rae1 h6 19. Be5 Bd7 20. d4 Qb6 21.
Bxf6 Rxf6 22. Qh3 Rd8 23. Qe3 Rdf8 24. f4 R8f7 25. b3 Qb4 26. g3 Qf8 27. Rf2
Rf5 28. Rh2 g5 29. hxg6 R7f6 30. Nb1 Rxg6 31. Kh1 h5 32. Rg1 Qg7 33. Nd2 Kf8
34. Qf2 Bb5 35. a4 Bd3 36. Qe3 Be4+ 37. Nxe4 dxe4 38. Rc2 Kg8 39. Qxe4 Rd5 40.
Rc8+ Kh7 41. Rc5 Rxc5 42. dxc5 Kh6 43. Qe3 Kh7 44. Qf3 Rg4 45. Re1 Rxg3 46.
Qxh5+ Kg8 47. Qe8+ Kh7 48. Qh5+ Kg8 49. Rd1 Qf6 1/2-1/2

[Event "County match"]
[Site "?"]
[Date "1973.06.09"]
[Round "?"]
[White "Hoad, P."]
[Black "Stebbings, A."]
[Result "1-0"]
[WhiteElo "2152"]
[BlackElo "2184"]
[PlyCount "73"]
[EventDate "1973.??.??"]

1. c4 Nf6 2. Nc3 d5 3. cxd5 Nxd5 4. g3 g6 5. Bg2 Nxc3 6. bxc3 c5 7. Rb1 Qc7 8.
Nf3 Bg7 9. O-O Nd7 10. d4 O-O 11. Bf4 e5 12. dxe5 Nxe5 13. Qd5 Nxf3+ 14. Bxf3
Qa5 15. Bd6 Re8 16. Qxc5 Qxa2 17. Rfd1 Bf5 18. Rxb7 Rac8 19. Qxa7 Qxa7 20. Rxa7
Bxc3 21. Bd5 Be6 22. e4 Bb2 23. Bf4 Red8 24. Bg5 Rd6 25. Bf4 Rdd8 26. Be3 Be5
27. Kg2 Bb8 28. Rb7 Rc7 29. Bxe6 Rxd1 30. Rxb8+ Kg7 31. Bd5 h5 32. Bf4 Re7 33.
Bd6 Rd7 34. Be5+ f6 35. Rg8+ Kh7 36. Bxf6 g5 37. Rxg5 1-0

[Event "Tournament: Weymouth Open"]
[Site "?"]
[Date "1973.08.24"]
[Round "?"]
[White "Clark, E."]
[Black "Stebbings, A."]
[Result "0-1"]
[WhiteElo "1712"]
[BlackElo "2184"]
[PlyCount "89"]
[EventDate "1973.??.??"]

1. d4 Nf6 2. c4 g6 3. Nc3 d5 4. cxd5 Nxd5 5. e4 Nxc3 6. bxc3 Bg7 7. Qc2 O-O 8.
Nf3 c5 9. Be3 Qa5 10. Be2 cxd4 11. Nxd4 Nc6 12. O-O Bd7 13. Rac1 Rfd8 14. Nb3
Qc7 15. Nc5 Be8 16. Qb3 Na5 17. Qc2 Rac8 18. c4 b6 19. Nb3 Nb7 20. Rfd1 Rxd1+
21. Bxd1 Ba4 22. Qb1 e5 23. Be2 Bf8 24. h3 Nc5 25. f3 Be7 26. Rd1 Ne6 27. Qb2
f6 28. Rd5 Be8 29. Qd2 Bc6 30. Rd3 Kf7 31. Qc1 Ba4 32. Rd5 Qb7 33. Qb2 Rc7 34.
Rd2 Qc8 35. Kh2 Bc6 36. Kg1 Bb7 37. Rc2 Ba6 38. Nd2 Bc5 39. Bxc5 Rxc5 40. Nb3
Rc7 41. Nd2 Nd4 42. Nb3 Nxc2 43. Qxc2 Bxc4 44. Bxc4+ Rxc4 45. Qb2 0-1

[Event "Tournament: Weymouth Open"]
[Site "?"]
[Date "1973.08.25"]
[Round "?"]
[White "Stebbings, A."]
[Black "Kraus, E."]
[Result "1-0"]
[WhiteElo "2184"]
[BlackElo "1968"]
[PlyCount "71"]
[EventDate "1973.??.??"]

1. e4 Nf6 2. e5 Nd5 3. d4 d6 4. Nf3 Nc6 5. c4 Nb6 6. e6 fxe6 7. Ng5 e5 8. Bd3
Nxd4 9. Qh5+ Kd7 10. Nf7 Qe8 11. Qh3+ e6 12. Nxh8 e4 13. Bxe4 Nxc4 14. Qd3 c5
15. Bxh7 Ne5 16. Qe4 Kc7 17. Ng6 Nxg6 18. Bxg6 Qd7 19. O-O d5 20. Bf4+ Bd6 21.
Bxd6+ Qxd6 22. Qd3 Bd7 23. Nc3 Rh8 24. Qg3 Rh6 25. Qxd6+ Kxd6 26. Bd3 e5 27.
Rad1 c4 28. Bb1 b5 29. f4 b4 30. fxe5+ Kc5 31. Nxd5 Bg4 32. Rd2 Ne2+ 33. Kf2 c3
34. bxc3 bxc3 35. Nxc3 Nxc3 36. Rc1 1-0

[Event "Tournament: Weymouth Open"]
[Site "?"]
[Date "1973.08.25"]
[Round "?"]
[White "Stebbings, A."]
[Black "Vaughan, D."]
[Result "1-0"]
[WhiteElo "2184"]
[BlackElo "2104"]
[PlyCount "105"]
[EventDate "1973.??.??"]

1. e4 e5 2. Nf3 Nf6 3. Nc3 Nc6 4. d4 exd4 5. Nd5 Be7 6. Nxd4 O-O 7. Nb5 Nxd5 8.
exd5 Re8 9. Be2 a6 10. Nc3 Nb8 11. O-O d6 12. Bf4 Nd7 13. Qd2 Nf8 14. Rfe1 Ng6
15. Be3 Bd7 16. f4 f5 17. Bf1 Bf6 18. Bd4 Bxd4+ 19. Qxd4 Re7 20. g3 Qe8 21. Kf2
Qf7 22. Rxe7 Qxe7 23. Re1 Qf7 24. Qb4 b6 25. Qc4 Be8 26. Re3 Qd7 27. Bh3 Bf7
28. Qd4 Re8 29. Rxe8+ Bxe8 30. Qd3 Ne7 31. Qxa6 Bf7 32. Qa8+ Be8 33. Bf1 Kf7
34. Bb5 Qc8 35. Qxc8 Nxc8 36. Bxe8+ Kxe8 37. Nb5 Kd7 38. Nd4 Ne7 39. c4 g6 40.
Ne6 h6 41. Nd4 Ng8 42. Ke3 Nf6 43. Kd3 Ng4 44. Nf3 c6 45. dxc6+ Kxc6 46. Kd4 h5
47. b4 Kd7 48. a4 h4 49. h3 hxg3 50. hxg4 fxg4 51. Nh4 Kc6 52. Ke4 Kc7 53. Kd5
1-0

[Event "Tournament: Weymouth Open"]
[Site "?"]
[Date "1973.08.26"]
[Round "?"]
[White "MacDonaldRoss, M."]
[Black "Stebbings, A."]
[Result "1/2-1/2"]
[WhiteElo "2288"]
[BlackElo "2184"]
[PlyCount "38"]
[EventDate "1973.??.??"]

1. Nf3 d5 2. g3 c6 3. Bg2 Bg4 4. b3 Nd7 5. Bb2 e6 6. O-O Ngf6 7. c4 Bd6 8. d4
Qb8 9. Nc3 O-O 10. Re1 Re8 11. e4 dxe4 12. Nxe4 Nxe4 13. Rxe4 f5 14. Re3 e5 15.
dxe5 Nxe5 16. Qe2 Nxf3+ 17. Bxf3 Rxe3 18. Qxe3 Bxf3 19. Qxf3 Be5 1/2-1/2

[Event "Tournament: Weymouth Open"]
[Site "?"]
[Date "1973.08.26"]
[Round "?"]
[White "Bennett, G."]
[Black "Stebbings, A."]
[Result "1/2-1/2"]
[WhiteElo "2248"]
[BlackElo "2184"]
[PlyCount "52"]
[EventDate "1973.??.??"]

1. e4 c5 2. Nf3 e6 3. c3 Nf6 4. e5 Nd5 5. d4 cxd4 6. cxd4 Nc6 7. Nc3 Nxc3 8.
bxc3 d6 9. exd6 Bxd6 10. Bd3 Qa5 11. O-O O-O 12. c4 h6 13. Bb2 Re8 14. Re1 Bd7
15. Qb3 b6 16. Bc3 Bb4 17. Bxb4 Qxb4 18. Be4 Qd6 19. c5 bxc5 20. dxc5 Qc7 21.
Qc3 Rac8 22. h3 Qa5 23. Qxa5 Nxa5 24. Ne5 Ba4 25. Rec1 f6 26. Nf3 Bc6 1/2-1/2

[Event "Tournament: Weymouth Open"]
[Site "?"]
[Date "1973.08.27"]
[Round "?"]
[White "Stebbings, A."]
[Black "Fidler, J."]
[Result "1/2-1/2"]
[WhiteElo "2184"]
[BlackElo "2080"]
[PlyCount "66"]
[EventDate "1973.??.??"]

1. e4 Nf6 2. e5 Nd5 3. d4 d6 4. Nf3 g6 5. Bc4 Nb6 6. Bb3 Bg7 7. Ng5 d5 8. f4
O-O 9. O-O f6 10. Nf3 Bg4 11. Nbd2 Na6 12. h3 Bxf3 13. Nxf3 c5 14. exf6 exf6
15. dxc5 Nxc5 16. f5 Qd7 17. Nd4 Rfe8 18. Qf3 Rad8 19. Bd2 Nc4 20. Bb4 Na6 21.
Bc3 Ne5 22. Qf2 Nc7 23. Rad1 g5 24. Rd2 Kh8 25. Rfd1 b6 26. Ne6 Nxe6 27. fxe6
Qxe6 28. Rxd5 Rxd5 29. Rxd5 Qc6 30. Bxe5 fxe5 31. Qf7 Rf8 32. Qxa7 Qf6 33. Rd1
e4 1/2-1/2

[Event "Tournament: Paignton Open"]
[Site "?"]
[Date "1973.09.02"]
[Round "?"]
[White "Stebbings, A."]
[Black "Hare, P."]
[Result "1-0"]
[WhiteElo "2184"]
[BlackElo "2088"]
[PlyCount "49"]
[EventDate "1973.??.??"]

1. e4 e6 2. d4 d5 3. Nc3 Bb4 4. e5 c5 5. a3 Bxc3+ 6. bxc3 Ne7 7. Qg4 Qc7 8.
Qxg7 Rg8 9. Qxh7 cxd4 10. Ne2 dxc3 11. f4 Nbc6 12. Qd3 Nf5 13. Nxc3 a6 14. g4
Rxg4 15. Bh3 Nxe5 16. fxe5 Qxe5+ 17. Ne2 Re4 18. Bxf5 exf5 19. Rb1 f4 20. Kf2
Bf5 21. Qf3 Rc8 22. Bxf4 Qe6 23. Rhg1 Rxe2+ 24. Qxe2 Rxc2 25. Rg8+ 1-0

[Event "Tournament: Paignton Open"]
[Site "?"]
[Date "1973.09.03"]
[Round "?"]
[White "Atkinson, J."]
[Black "Stebbings, A."]
[Result "1/2-1/2"]
[WhiteElo "2136"]
[BlackElo "2184"]
[PlyCount "44"]
[EventDate "1973.??.??"]

1. e4 c5 2. Nf3 e6 3. b3 Nf6 4. e5 Nd5 5. Bb2 Be7 6. Nc3 Nxc3 7. Bxc3 O-O 8.
Bd3 Nc6 9. Qe2 d6 10. h4 g6 11. exd6 Qxd6 12. h5 Nd4 13. Bxd4 cxd4 14. hxg6
hxg6 15. Ne5 Bf6 16. f4 Bd7 17. Kf1 Kg7 18. Qe4 Rh8 19. Kf2 Bc6 20. Nxc6 bxc6
21. a4 Rxh1 22. Rxh1 Rh8 1/2-1/2

[Event "Tournament: Paignton Open"]
[Site "?"]
[Date "1973.09.04"]
[Round "?"]
[White "Stebbings, A."]
[Black "Stean, M."]
[Result "0-1"]
[WhiteElo "2184"]
[BlackElo "2440"]
[PlyCount "62"]
[EventDate "1973.??.??"]

1. e4 c5 2. Nf3 d6 3. d4 cxd4 4. Nxd4 Nf6 5. Nc3 a6 6. Be3 e6 7. f4 b5 8. Bd3
Bb7 9. Qf3 Nbd7 10. g4 b4 11. Nce2 Nc5 12. Ng3 d5 13. e5 Nfe4 14. Bxe4 dxe4 15.
Qf2 Na4 16. O-O-O Qc7 17. Nh5 O-O-O 18. Kb1 Bd5 19. Rhe1 Kb7 20. Nb3 Rc8 21.
Bd4 Be7 22. Re2 Rhd8 23. Red2 Nc3+ 24. bxc3 bxc3 25. Re2 a5 26. Rde1 a4 27. Re3
axb3 28. Rxc3 Qa5 29. cxb3 Rxc3 30. Bxc3 Qxc3 31. Rc1 e3 0-1